| 000 | 00000nas 2200000za 4500 |
| 001 | 9.819632 |
| 003 | CaOODSP |
| 005 | 20221107143018 |
| 007 | cr ||||||||||| |
| 008 | 160616d19931993oncar p oss f000#b0fre|d |
| 022 | |y1195-9983 |
| 040 | |aCaOODSP|bfre |
| 041 | |aeng|afre |
| 043 | |an-cn--- |
| 086 | 1 |aCS61-221-PDF |
| 245 | 00|aCorporations |h[ressource électronique] : |baspects of business organization, mergers and acquisitions / |cStatistics Canada, Industrial Organization and Finance Division, Corporations Section = Sociétés : aspects de l'organisation des entreprises, les fusions et acquisitions / Statistique Canada, Division de l'organisation et des finances de l'industrie, Section des personnes morales. |
| 246 | 11|aSociétés : |baspects de l'organisation des entreprises, les fusions et acquisitions |
| 246 | 14|aCalura, corporations, aspects of business organization, mergers and acquisitions |
| 246 | 14|aCalura, sociétés, aspects de l'organisation des entreprises, les fusions et acquisitions |
| 260 | |aOttawa : |bStatistics Canada = Statistique Canada, |c1994. |
| 310 | |aAnnuel |
| 362 | 0 |a1991/1993. |
| 500 | |aÉdition numérisée de l’imprimé [par Statistique Canada]. |
| 546 | |aTexte en anglais et en français. |
| 692 | 07|2gccst|aSociétés |
| 692 | 07|2gccst|aFusion |
| 710 | 1 |aCanada.|bStatistique Canada.|bSection des personnes morales. |
| 780 | 00|tAnnual report of the Minister of Industry, Science and Technology under the Corporations and Labour Unions Returns Act. |w(CaOODSP)9.809487 |
| 791 | |tCorporations |eeng|w(CaOODSP)9.819630 |